SHAFERS TEXT BOOK OF ORAL PATHOLOGY (Record no. 4796)

MARC details
000 -LEADER
fixed length control field 00359nam a2200145Ia 4500
008 - FIXED-LENGTH DATA ELEMENTS--GENERAL INFORMATION
fixed length control field 150201s2012 xx 000 0 und d
082 ## - DEWEY DECIMAL CLASSIFICATION NUMBER
Classification number 616.0707
Item number S2012R
100 ## - MAIN ENTRY--PERSONAL NAME
Personal name R.RAJENDERAN
245 ## - TITLE STATEMENT
Title SHAFERS TEXT BOOK OF ORAL PATHOLOGY
250 ## - EDITION STATEMENT
Edition statement 7TH
260 ## - PUBLICATION, DISTRIBUTION, ETC. (IMPRINT)
Name of publisher, distributor, etc. ELSEVIER
Place of publication, distribution, etc. DELHI
Date of publication, distribution, etc. 2012
300 ## - PHYSICAL DESCRIPTION
Extent 1-978
650 ## - SUBJECT ADDED ENTRY--TOPICAL TERM
Topical term or geographic name as entry element ORAL PATHOLOGY
942 ## - ADDED ENTRY ELEMENTS (KOHA)
Source of classification or shelving scheme Dewey Decimal Classification
Koha item type Books
Koha issues (borrowed), all copies 15
Holdings
Withdrawn status Lost status Source of classification or shelving scheme Damaged status Not for loan Home library Current library Date acquired Source of acquisition Cost, normal purchase price Serial Enumeration / chronology SGTU Bill Number Total Checkouts Full call number Barcode Date last seen Date last checked out Bill Date Koha item type
    Dewey Decimal Classification     SGT Dental Library SGT Dental Library 24/01/2013 AHUJA BOOK .CO. NEW DELHI 1395.00 1 SGTU 3108 5 616.0707 S2012R FD6811 30/10/2025 17/10/2025 14/08/2013 Books
    Dewey Decimal Classification     SGT Dental Library SGT Dental Library 24/01/2013 AHUJA BOOK .CO. NEW DELHI 1395.00 1 SGTU 3108 3 616.0707 S2012R FD6812 14/10/2025 14/10/2025 14/08/2013 Books
    Dewey Decimal Classification     SGT Dental Library SGT Dental Library 24/01/2013 AHUJA BOOK .CO. NEW DELHI 1395.00 1 SGTU 3108 31 616.0707 S2012R FD6813 08/10/2025 08/10/2025 14/08/2013 Books
    Dewey Decimal Classification     SGT Dental Library SGT Dental Library 24/01/2013 AHUJA BOOK .CO. NEW DELHI 1395.00 1 SGTU 3108 1 616.0707 S2012R FD6814 10/10/2025 10/10/2025 14/08/2013 Books
    Dewey Decimal Classification     SGT Dental Library SGT Dental Library 24/01/2013 AHUJA BOOK .CO. NEW DELHI 1395.00 1 SGTU 3108 8 616.0707 S2012R FD6815 31/07/2025 31/07/2025 14/08/2013 Books